<?xml version="1.0" encoding="UTF-8"?>
<record
    xmlns:xsi="http://www.w3.org/2001/XMLSchema-instance"
    xsi:schemaLocation="http://www.loc.gov/MARC21/slim http://www.loc.gov/standards/marcxml/schema/MARC21slim.xsd"
    xmlns="http://www.loc.gov/MARC21/slim">

  <leader>04484nam a22001817a 4500</leader>
  <controlfield tag="003">IT-RoPau</controlfield>
  <controlfield tag="005">20220918175936.0</controlfield>
  <controlfield tag="008">121205b        xxu||||| |||| 00| 0 eng d</controlfield>
  <datafield tag="040" ind1=" " ind2=" ">
    <subfield code="c">IT-RoPau</subfield>
  </datafield>
  <datafield tag="100" ind1=" " ind2=" ">
    <subfield code="a">Alberione Giacomo</subfield>
    <subfield code="q">Fondatore Famiglia Paolina</subfield>
    <subfield code="9">19</subfield>
  </datafield>
  <datafield tag="245" ind1=" " ind2=" ">
    <subfield code="a">La missione della Famiglia Paolina. Incontro dei Governi Generali FP 1986 </subfield>
  </datafield>
  <datafield tag="250" ind1=" " ind2=" ">
    <subfield code="a">I</subfield>
  </datafield>
  <datafield tag="260" ind1=" " ind2=" ">
    <subfield code="a">Roma</subfield>
    <subfield code="b">SSP</subfield>
    <subfield code="c">1986</subfield>
  </datafield>
  <datafield tag="300" ind1=" " ind2=" ">
    <subfield code="a">160 p.</subfield>
    <subfield code="c">21 cm</subfield>
  </datafield>
  <datafield tag="490" ind1=" " ind2=" ">
    <subfield code="a">Edizioni Archivio Storico Generale della Famiglia Paolina</subfield>
    <subfield code="v">I</subfield>
  </datafield>
  <datafield tag="520" ind1=" " ind2=" ">
    <subfield code="a">INDICE

Presentazione

EVANGELIZZARE OGGI (D. Franco Pierini, SSP)

Introduzione
    1. Avvertenza preliminare
    2. Metodologia della ricerca oggi. L' osservatore,
       ossia il circuito cibernetico-sistematico
I. La sfida delle culture, del momento storico
    e dei mezzi di c.s.
    3. Il mondo contemporaneo e i suoi problemi
    4. La pastorale e l' evangelizzazione oggi
II. Unit&#xE0; e complementariet&#xE0; della missione della F.P.:
    dare oggi il Cristo Via e Verit&#xE0; e Vita
    5. La comunit&#xE0; paolina secondo Don Alberione
    6. La comunit&#xE0; paolina oggi
    note bibliografiche

LA MISSIONE DELLA SOCIETA' SAN PAOLO 
     (D.Eliseo Sgarbossa,SSP)

I. La missione istituzionale della SSP nelle direttive del
    Fondatore
    A. L' evangelizzazione mediante i mezzi di massa
    1.  Il contenuto o messaggio della missione paolina : il
         Cristo totale
    2.  Lo spirito, il metodo e i mezzi della missione paolina
    3.  I linguaggi tecnici della missione paolina
    4.  Pluralismo e collaborazione : "Unirsi per gli apostolati"     
    5.  Promesse, benedizioni e moniti
    B.  Ministero dello "spirito" 
II. Sviluppi e  momenti di revisione
    A.  Evangelizzazione di massa
    B.  Animazione spirituale e apostolica
III. Prospettive della missione paolina
    1.  Obiettivo a lungo termine
    2.  Obiettivi a medio termine
    3.  Obiettivo immediato
    Conclusione
    Note

LA MISSIONE DELLE FIGLIE DI SAN PAOLO
     (Sr. M. Ancilla Kurita, FSP)
   
    Introduzione
I.  Dare Ges&#xF9; Cristo Via Verit&#xE0; e Vita
II. Universalit&#xE0; e inculturazione
III. Verifica della risposta apostolica
IV. Missione delle F.S.P. nella Famiglia Paolina

LA MISSIONE DELLE PIE DISCEPOLE DEL D.M.
     (Sr. Maria Joseph Oberto, PD)

     Introduzione
I.   Nel cuore della Famiglia Paolina
     1. Definizione di apostolato
     2. Dalla contemplazione all' azione
     3. Tre manifestazioni di amore
II.  Un triplice  servizio nello spirito di Maria
     A. Dimensione eucaristica
     B. Dimensione sacerdotale
     C. Dimensione liturgica
III.  Ieri e oggi...
      1. Prospettive aperte dal Fondatore
      2. Verifiche
IV.  In cammino...
      Concludendo
      Sigle bibliografiche

LA MISSIONE DELLE SUORE DI GESU' BUON PASTORE
     (Sr. Flavia Mercurio, SGBP)

      Premessa
I.    La proposta fondamentale
      1. Genesi
      2. Attuazione  
      3. L' insegnamento di Don Alberione alle Pastorelle
      4. Sviluppo congregazionale
II.   L' approfondimento carismatico: tappe salienti di un
            cammino in una Chiesa che cambia
      1. Dal Concilio Vaticano II al primo Capitolo generale
          (1969)
      2. Il secondo Capitolo generale  (1975)
      3. Periodo intermedio
      4. Il terzo Capitolo generale (1981)
          La regola di vita - Programmazione generale
      5. L' Intercapitolo e il Seminario internazionale (1984)
          Punti di non ritorno - Questioni aperte
III.   Prospettive
            Note

LA  MISSIONE DELLE SUORE APOSTOLINE
      (Sr. M. Maddalena Verani, Ap)
 
      Premessa
I.    La missione vocazionale dell' Istituto
      1. Le costituzioni: Istruzione, azione, preghiera
      2. Il Fondatore: " Coscienza vocazionaria"
      3. Nel nome di Maria "Madre e Regina delle vocazioni"
II.   Dal Fondatore a oggi
      1. Un cammino difficile
      2. Alla luce del Vaticano II
      3. Il mondo dei giovani
      4. Incontro al Maestro
      5. Iniziative concrete
III.   Programmi e prospettive
      1. Gli obiettivi attuali
      2. Progetti in cantiere per il futuro
      Conclusione
      Note

ALLEGATI

N.1:   La Famiglia Paolina nelle parole di Don Alberione
N.2:   I principali documenti ecclesiali sugli strumenti di
         comunicazione sociale (elenco cronologico)
N.3:   Programma di formazione continua 
         per le Pie Discepole
N.4/a: Il "nuovo gruppo" di F.S.P. per le  "Opere Pastorali"
N.4/b: Le "vie comuni" delle Suore di G. Buon Pastore           </subfield>
  </datafield>
  <datafield tag="942" ind1=" " ind2=" ">
    <subfield code="2">ddc</subfield>
    <subfield code="c">BK</subfield>
  </datafield>
  <datafield tag="999" ind1=" " ind2=" ">
    <subfield code="c">37610</subfield>
    <subfield code="d">37610</subfield>
  </datafield>
  <datafield tag="952" ind1=" " ind2=" ">
    <subfield code="0">0</subfield>
    <subfield code="1">0</subfield>
    <subfield code="2">ddc</subfield>
    <subfield code="4">0</subfield>
    <subfield code="6">P_A6</subfield>
    <subfield code="7">1</subfield>
    <subfield code="a">PAULUS</subfield>
    <subfield code="b">PAULUS</subfield>
    <subfield code="d">2013-11-18</subfield>
    <subfield code="l">0</subfield>
    <subfield code="o">P A6</subfield>
    <subfield code="r">2013-11-18 00:00:00</subfield>
    <subfield code="w">2013-11-18</subfield>
    <subfield code="y">BK</subfield>
  </datafield>
</record>
